Nalezená srnčata / (Záznam č. 34188)
| 000 -Návěští | |
|---|---|
| Řídící pole kódované 24B | 01941nam a2200385 i 4500 |
| 001 - Kontrolní číslo | |
| Řídící pole proměnné | nkc20243632884 |
| 003 - Identifikátor kontrolního čísla | |
| Řídící pole proměnné | CZ PrSKC |
| 005 - Datum posledního zpracování | |
| Řídící pole 16B | 20260417093356.0 |
| 007 - Pole pevné délky pro fyzický popis | |
| Řídící pole kódované | ta |
| 008 - Údaje pevné délky | |
| Řídící pole kódované 40B | 240923s2024 xr a b 000 j cze |
| 020 ## - ISBN | |
| ISBN | 9788025369104 |
| Dostupnost | Kč 229,00 |
| 040 ## - Zdroj katalogizace-agentura | |
| Agentura původní katalogizace | ABG001 |
| Jazyk katalogizace | cze |
| Použitá pravidla popisu | rda |
| 072 #7 - Kód předmětové kategorie - Konspekt | |
| Předmětová kategorie | 821.162.3-3 |
| Zpřesnění předmětové kategorie | Česká próza |
| Zdroj předmětové klasifikace | Konspekt |
| 072 #7 - Kód předmětové kategorie - Konspekt | |
| Předmětová kategorie | 821-93 |
| Zpřesnění předmětové kategorie | Literatura pro děti a mládež (beletrie) |
| Zdroj předmětové klasifikace | Konspekt |
| 080 ## - MDT | |
| Klasifikační znak MDT | 821.162.3-32 |
| Idetifikátor vydání MDT | MRF |
| 080 ## - MDT | |
| Klasifikační znak MDT | 821-93 |
| Idetifikátor vydání MDT | MRF |
| 080 ## - MDT | |
| Klasifikační znak MDT | (0:82-32) |
| Idetifikátor vydání MDT | MRF |
| 100 1# - Hlavní záhlaví - osobní jméno autora | |
| Osobní jméno | Francová, Veronika, |
| Datumy související se jménem | 1997- |
| Kód role | aut |
| 9 (RLIN) | 17743 |
| 245 10 - Údaje o názvu | |
| Název | Nalezená srnčata / |
| Údaj o odpovědností, atd. | Veronika Francová ; ilustrovala Zuzana Slánská |
| 250 ## - Údaje o vydání | |
| Označení vydání | 2. vydání |
| 264 #1 - Nakladatelské údaje | |
| Místo vydání | V Praze : |
| Nakladatel | Fragment, |
| Rok vydání | 2024 |
| 300 ## - Fyzický popis | |
| Rozsah | 119 stran : |
| další fyzické údaje | ilustrace ; |
| Rozměry | 20 cm |
| 490 1# - Údaje o edici | |
| Údaje o edici | Nové příběhy se šťastným koncem |
| 500 ## - Všeobecná poznámka | |
| Text obecné poznámky | Obálkový podnázev: skutečné příběhy z naší přírody |
| 500 ## - Všeobecná poznámka | |
| Text obecné poznámky | Pod názvem: Český svaz ochránců přírody |
| 520 2# - Anotace | |
| Anotace, atd. | Markétka a její kamarád z Německa najdou v lese opuštěná srnčata. Chtějí jim pomoci, ale jejich snaha může mláďátkům uškodit. |
| Rozšířený text anotace | Markétka a její rodina mají návštěvu z Německa. Christian přijel na výměnný pobyt a Markétka si přeje, aby si to u nich co nejvíce užil. Vezme ho proto do lesa, aby mu ukázala tajné místo, kde schovává krabičku s poklady. Když její fenka Táňa začne vzrušeně štěkat, utíkají za ní a v trávě najdou dvě malá srnčata. Vypadají opuštěně, a tak se je rozhodnou odnést domů. Brzy ale zjistí, že to nebyl dobrý nápad. Podaří se jim vrátit mláďata k mamince? Nakladatelská anotace. |
| 655 #7 - Rejstříkový termín - žánr/forma | |
| Žánr/forma či základní termín | české příběhy |
| 655 #7 - Rejstříkový termín - žánr/forma | |
| Žánr/forma či základní termín | publikace pro děti |
| 655 #9 - Rejstříkový termín - žánr/forma | |
| Žánr/forma či základní termín | Czech stories |
| 655 #9 - Rejstříkový termín - žánr/forma | |
| Žánr/forma či základní termín | children's literature |
| 700 1# - Vedlejší záhlaví - osobní jméno autora | |
| Osobní jméno | Slánská, Zuzana |
| Kód role | ill |
| 9 (RLIN) | 9742 |
| 710 2# - Vedlejší záhlaví - jméno korporativního autora | |
| Jméno korporace nebo jurisdikce | Český svaz ochránců přírody |
| Kód role | isb |
| 9 (RLIN) | 17744 |
| 910 ## - Údaje o vlastníkovi jednotky (exempláře) | |
| Sigla vlastníka jednotky | ABG508 |
| Stav ztráty | Zdroj klasifikace pro skladování | Stav poškození |
|---|---|---|
| Universal Decimal Classification |